000 00591nam a22001937a 4500
005 20251108164829.0
008 250721s1997 xx 000 0 ara d
082 1 4 _a371.28/خول
100 1 _aالخولي، محمد علي
245 1 0 _aالمهارات الدراسية /
250 _aط4.
264 1 _aعمان :
_bدار الفلاح للنشر والتوزيع،
_c1997.
300 _a280ص.
650 1 7 _aالنجاح
650 1 7 _aالإختبارات و القياسات التربوية
650 1 7 _aالتقييم التربوي
942 _2ddc
_cBK
999 _c15391
_d15391